00502 2200181 4500001002100000008004100021035002000062245009900082100001900181250000600200260003200206300001200238020002200250084001400272082000800286650001400294990001200308INLIS000000000001231 ind  a0010-0524000466 aElektromagnetik 1, Sebagai Persiapan Menuju Olimpiade InternasionalcProf. Yohanes Surya, Ph.D aSurya, Yohanes a1 aJakarta :bPT. Kandelc2017 a159 hlm a978-602-6878-44-1 a530 YOH e a530 aNon Fiksi a0744947